| 000 | 00475nam a2200193Ia 4500 | ||
|---|---|---|---|
| 003 | GCL | ||
| 008 | 140319s9999 xx 000 0 aRus d | ||
| 040 |
_aGCL / _cGCL |
||
| 082 | 0 | 4 |
_a861 _bS V |
| 100 | 1 | _aSUAREZ, MIGUEL | |
| 245 | 1 | 0 |
_aLA VOZ DEL CUIDADO / _cSUAREZ, MIGUEL |
| 260 |
_a[S.N] : _bAVE DEL PARAISO ، _c1993 |
||
| 300 | _a109 | ||
| 650 | 0 | 4 | _aLITERATURE |
| 650 | 0 | 4 | _aPOETRY |
| 650 | 0 | 4 | _aSPANISH LITERATURE |
| 650 | 0 | 4 | _aSPANISH POETRY |
| 942 |
_2ddc _cBK |
||
| 999 |
_c12787 _d12787 |
||